Úřední list Československé socialistické republiky

Na minha lista:
Detalhes bibliográficos
Formato: Periódico
Idioma:tcheco
Publicado em: Praha Ministerstvo spravedlnosti 1961
Tags: Adicionar Tag
Sem tags, seja o primeiro a adicionar uma tag!

MARC

LEADER 00000nas2a2200000$$$4500
001 0012739
005 20250730114311.3
041 0 |a cze 
044 |a CZ 
245 1 0 |a Úřední list Československé socialistické republiky 
264 1 |a Praha  |b Ministerstvo spravedlnosti  |c 1961 
300 |a 1 zv. 
773 0 |w eu_un_cat*0012723 
774 0 |w eu_un_cat*0012737